U.S. Suburbs Quiz - Extreme - Statistics

General Stats
  • This quiz has been taken 85 times
  • The average score is 51 of 100
Answer Stats
Suburbs City % Correct
Yonkers / Newark / New Rochelle New York City
100%
Anaheim / Burbank / Santa Monica Los Angeles
99%
Fort Worth / Arlington / Plano Dallas
95%
Tempe / Mesa / Gilbert Phoenix
93%
Naperville / Evanston / Joliet Chicago
91%
Henderson / Paradise / Enterprise Las Vegas
91%
Hialeah / Fort Lauderdale / Coral Gables Miami
89%
Arlington / Bethesda / Fairfax Washington, D.C.
88%
Salem / Cambridge / Lynn Boston
87%
Bellevue / Kirkland / SeaTac Seattle
85%
St. Petersburg / Clearwater / Brandon Tampa
85%
Niagara Falls / Grand Island / Cheektowaga Buffalo
84%
Saint Paul / Bloomington / Brooklyn Park Minneapolis
80%
Overland Park / Independence / Olathe Kansas City
79%
Chula Vista / Oceanside / Escondido San Diego
77%
Alpharetta / Marietta / Decatur Atlanta
76%
Kailua / Pearl City / Waipahu Honolulu
76%
Sugar Land / Baytown / The Woodlands Houston
76%
Racine / Waukesha / Menomonee Falls Milwaukee
76%
Daly City / Sausalito / San Mateo San Francisco
75%
Murfreesboro / Hendersonville / Goodlettsville Nashville
72%
Beaverton / Vancouver / Gresham Portland, OR
72%
Golden / Centennial / Lakewood Denver
71%
Camden / King of Prussia / Chester Philadelphia
71%
Carmel / Greenwood / Fishers Indianapolis
68%
Kissimmee / Winter Garden / Celebration Orlando
68%
Norman / Edmond / Moore Oklahoma City
67%
Cary / Chapel Hill / Wake Forest Raleigh
67%
Round Rock / Pflugerville / Georgetown Austin
65%
Chesapeake / Portsmouth / Virginia Beach Norfolk
65%
Pawtucket / Cranston / Warwick Providence
65%
Grosse Pointe / Royal Oak / Windsor Detroit
64%
West Jordan / West Valley City / Sandy Salt Lake City
64%
Broken Arrow / Muskogee / Sand Springs Tulsa
64%
Rio Rancho / Los Lunas / Bernalillo Albuquerque
63%
Parma / Shaker Heights / Euclid Cleveland
63%
Slidell / Belle Chasse / Metairie New Orleans
63%
Berkeley / Alameda / Richmond Oakland
60%
Schenectady / Troy / Rensselaer Albany
59%
St. Charles / O'Fallon / Granite City St. Louis
59%
Meridian / Nampa / Eagle Boise
57%
Paradise Park / Keaau / Wainaku Hilo
57%
Council Bluffs / Carter Lake / Bellevue Omaha
57%
Cuyahoga Falls / Barberton / Kent Akron
55%
Concord / Gastonia / Kannapolis Charlotte
53%
Hamilton / Fairfield / Covington Cincinnati
53%
Columbia / Glen Burnie / Towson Baltimore
52%
Hoover / Trussville / Bessemer Birmingham
52%
Wasilla / Houston / Palmer Anchorage
51%
Sparks / Sun Valley / Spanish Springs Reno
51%
Beavercreek / Xenia / Kettering Dayton
49%
Carlisle / Hershey / Camp Hill Harrisburg
48%
College / North Pole / Badger Fairbanks
47%
Mount Pleasant / James Island / Summerville Charleston, SC
45%
New Braunfels / Schertz / Converse San Antonio
45%
Dublin / New Albany / Delaware Columbus
44%
New Britain / Glastonbury / Manchester Hartford
44%
Elk Grove / Folsom / Antelope Sacramento
44%
Bartlett / Southaven / Germantown Memphis
43%
Urbana / Rantoul / Augerville Champaign
41%
Rock Island / Moline / Bettendorf Davenport
40%
Superior / Hermantown / Proctor Duluth
40%
Clovis / Selma / Highway City Fresno
40%
Fernandina Beach / Orange Park / Neptune Beach Jacksonville
40%
Bossier City / Greenwood / Oil City Shreveport
40%
Newark / New Castle / Bear Wilmington
40%
Hamden / West Haven / Orange New Haven
39%
Wyoming / Kentwood / Forest Hills Grand Rapids
37%
High Point / Thomasville / Jamestown Greensboro
37%
Oro Valley / Casas Adobes / Catalina Foothills Tucson
37%
Jeffersonville / St. Matthews / Clarksville Louisville
36%
Mishawaka / Notre Dame / Georgetown South Bend
36%
Winooski / Essex Junction / Shelburne Burlington
35%
Moorhead / Prairie Rose / Mapleton Fargo
33%
Edinburg / Alamo / Mission McAllen
33%
Irondequoit / Greece / Chili Rochester
33%
Prichard / Daphne / Chickasaw Mobile
32%
Hempfield / McKeesport / Mount Lebanon Pittsburgh
32%
Henrico / Glen Allen / Mechanicsville Richmond
29%
Ozark / Republic / Battlefield Springfield, MO
29%
Normal / Twin Grove / Barnes Bloomington
25%
Perrysburg / Oregon / Sylvania Toledo
25%
Derby / Newton / Arkansas City Wichita
24%
East Ridge / Collegedale / Lookout Mountain Chattanooga
23%
Fountain / Fort Carson / Gleneagle Colorado Springs
23%
Port Aransas / Portland / Robstown Corpus Christi
23%
Greer / Welcome / Mauldin Greenville
23%
Hurricane / Washington / Apple Valley St. George
23%
Zachary / Donaldsonville / Central Baton Rouge
21%
Ashwaubenon / De Pere / Howard Green Bay
21%
Scarborough / Cape Elizabeth / Westbrook Portland, ME
21%
Ranchettes / South Greeley / Fox Farm-College Cheyenne
20%
Horizon City / Anthony / Sunland Park El Paso
20%
Wasco / Arvin / Shafter Bakersfield
17%
Sweet Home / Jacksonville / Sherwood Little Rock
17%
Dell Rapids / Tea / Harrisburg Sioux Falls
16%
Dunbar / Institute / St. Albans Charleston, WV
15%
Springfield / Junction City / River Road Eugene
15%
Van Buren / Arkoma / Barling Fort Smith
13%
Bonner-West Riverside / Lolo / Orchard Homes Missoula
9%
No matching quizzes found
Score Distribution
Percent of People with Each Score
Percentile by Number Answered
Your Score History
You have not taken this quiz